000 00297nam a22001337a 4500
008 170925b xxu||||| |||| 00| 0 eng d
020 _a9780787958343
041 _aeng
080 _a37
100 _a46
101 _aEDU
245 _aFACULTY COMPENSATION SYSTEMS
_cSUTTON,T.P
942 _2udc
_cBK
999 _c29491
_d29491